000 00609nam a2200205 i 4500
001 62400
003 ES-MaACL
005 20230906164647.0
007 t|
008 031120s1958 sp ||||1| spa d
100 1 _aFenton, Edward.
_949264
245 1 4 _aLas puertas del Paraiso /
_cEdward Fenton ; [traducción de María Dolores Raich].
260 _a[Barcelona :
_bMolina,
_c1958]
300 _a251 p. :
_bil. ;
_c20 cm.
490 1 _aSerie aventura
700 1 _aRaich, María Dolores.
_995019
830 0 _aSerie aventura
_9230632
852 _aES-MaACL
_jC-16228
_bR.43562
999 _c62400
_d62400